| 000 | 00355 a2200133 4500 | ||
|---|---|---|---|
| 005 | 20250627041741.0 | ||
| 020 | _a9987-9092-1-3 | ||
| 082 | _a320.9676 MSE | ||
| 100 | _aMSEKWA, P | ||
| 245 | _aReflection on The First Decade of Multi- Party in Tanzania | ||
| 260 |
_aDar Es Salaam _bHanns Seidel Foundation _c2006. |
||
| 300 | _axiv,334p. | ||
| 942 |
_2ddc _cBKS |
||
| 999 |
_c5479 _d5479 |
||